000 00598nam a2200217Ia 4500
001 8825
003 GE_BSU
008 181216s||||||||xx |||||||||||||| ||und||
040 _cGE_BSU
080 _a821.353.1-1
100 _aკალანდაძე, ანა
245 _aლექსები
245 _cრედ:ლ.თურმანიძე;მხატვ:სპ.ცინცაძე
260 _aთბილისი
260 _bმერანი
260 _c1982
300 _a276გვ,20სმ
541 _h8ლ
653 _aლექსები
942 _cBK
999 _c42133
_d42133